Organizational learning research: a systematic review (Record no. 70580)

000 -LEADER
fixed length control field 01056pab a2200157 454500
008 - FIXED-LENGTH DATA ELEMENTS--GENERAL INFORMATION
fixed length control field 180718b2006 xxu||||| |||| 00| 0 eng d
100 ## - MAIN ENTRY--PERSONAL NAME
Personal name Saxena, Arun
245 ## - TITLE STATEMENT
Title Organizational learning research: a systematic review
260 ## - PUBLICATION, DISTRIBUTION, ETC.
Date of publication, distribution, etc. 2006
300 ## - PHYSICAL DESCRIPTION
Extent p.33-46.
362 ## - DATES OF PUBLICATION AND/OR SEQUENTIAL DESIGNATION
Dates of publication and/or sequential designation Jul
520 ## - SUMMARY, ETC.
Summary, etc. The purpose of this paper is to ascertain the status of, and highlight the trends in, Organizational learning research. The EBSCO database is used to search articles and papers and these are then analyzed on a number of parameters. These include types of research methodology used, the purpose the papers serve, the areas covered by the papers, most frequently cited papers and most influential authors. The paper extends the work of Crossan and Guatto (1996). It furnishes information that fulfills the `information need' of researchers, and provides a starting point for those entering organiztional learning (OL) research for the first time. - Reproduced.
650 ## - SUBJECT ADDED ENTRY--TOPICAL TERM
Topical term or geographic name entry element Organizations
773 ## - HOST ITEM ENTRY
Main entry heading ICFAI Journal of Organizational Behavior
909 ## -
-- 70580
Holdings
Withdrawn status Lost status Damaged status Not for loan Permanent Location Current Location Date acquired Serial Enumeration / chronology Barcode Date last seen Price effective from Koha item type
        Indian Institute of Public Administration Indian Institute of Public Administration 2018-07-19 Volume no: 5, Issue no: 3 AR71040 2018-07-19 2018-07-19 Articles

Powered by Koha